| 000 | 00580nam a22002052 4500 | ||
|---|---|---|---|
| 001 | 0000025477 | ||
| 005 | 20151217155247.0 | ||
| 008 | 150930s xx 000 0 eng d | ||
| 020 | _a0415575546 : | ||
| 040 |
_aKABU _cKABU |
||
| 100 | 1 |
_aWalklate, Sandra. _@0000183204 |
|
| 245 | 1 | 0 |
_aCriminology : _bthe basics / _cSandra Walklate. |
| 250 | _a2nd ed. | ||
| 260 |
_aOxon, London : _bRoutledge, _c2011. |
||
| 300 | _axii, 240 p. | ||
| 650 | 0 |
_aCriminology. _@0000153132 |
|
| 852 | 1 | _9p3500 KES | |
| 908 | _a150930 | ||
| 950 | _@1 | ||
| 999 |
_c12284 _d12284 |
||